Avenger, Guardian, or X-Man? - Statistics

General Stats
  • This quiz has been taken 42 times
  • The average score is 22 of 24
Answer Stats
Picture Answer % Correct
AVENGER: Wasp
97%
AVENGER: Black Widow
94%
GUARDIAN: Phyla-Vell
94%
AVENGER: Captain America
91%
AVENGER: Hulk
91%
AVENGER: Iron Man
91%
AVENGER: Thor
91%
GUARDIAN: Drax
91%
GUARDIAN: Gamora
91%
GUARDIAN: Groot
91%
GUARDIAN: Rocket Raccoon
91%
X-MAN: Beast
91%
X-MAN: Rogue
91%
X-MAN: Storm
91%
X-MAN: Wolverine
91%
AVENGER: Ant-Man
88%
AVENGER: Hawkeye
88%
GUARDIAN: Adam Warlock
88%
GUARDIAN: Mantis
88%
GUARDIAN: Star-lord
88%
X-MAN: Angel
88%
X-MAN: Iceman
88%
X-MAN: Marvel Girl
88%
X-MAN: Nightcrawler
88%
No matching quizzes found
Score Distribution
Percent of People with Each Score
Percentile by Number Answered
Your Score History
You have not taken this quiz